Collins German Dictionary : German-English, English-German / (Record no. 617325)

000 -LEADER
fixed length control field 00454nam a22001457a 4500
020 ## - INTERNATIONAL STANDARD BOOK NUMBER
Qualifying information HB.
040 ## - CATALOGING SOURCE
Transcribing agency FIZZA ISHAQ
082 ## - DEWEY DECIMAL CLASSIFICATION NUMBER
Classification number 433.21
Author Mark TER
100 ## - MAIN ENTRY--PERSONAL NAME
Personal name Veronika Schnorr, Peter Terrell.
9 (RLIN) 134347
245 ## - TITLE STATEMENT
Title Collins German Dictionary : German-English, English-German /
Statement of responsibility, etc. Peter Terrell Veronika Schnorr.
250 ## - EDITION STATEMENT
Edition statement 2nd ED.
260 ## - PUBLICATION, DISTRIBUTION, ETC.
Place of publication, distribution, etc. New York:
Name of publisher, distributor, etc. William Collins Sons & Co Ltd,
Date of publication, distribution, etc. 1980.
300 ## - PHYSICAL DESCRIPTION
Extent xxvi ; 902 P. ;
Dimensions 25 cm
942 ## - ADDED ENTRY ELEMENTS (KOHA)
Source of classification or shelving scheme
Koha item type Book
Holdings
Withdrawn status Lost status Source of classification or shelving scheme Damaged status Not for loan Permanent Location Current Location Shelving location Date acquired Total Checkouts Full call number Barcode Date last seen Price effective from Koha item type
          NUST Baluchistan Campus (NBC) NUST Baluchistan Campus (NBC) Dictionaries 05/06/2026   433.21 TER QD-194 05/06/2026 05/06/2026 Book
© 2023 Central Library, National University of Sciences and Technology. All Rights Reserved.